Kỹ thuật lập trình ứng dụng C++.net toàn tập
Nội dung giáo trình giới thiệu cho bạn đọc những kiến thức cơ bản về lập trình Windows Forms của ngôn ngữ C. Giúp nắm bắt phương pháp lập trình và sử dụng các công cụ của ngôn ngữ lập trình hướng đối tượng....
Zapisane w:
| 1. autor: | |
|---|---|
| Format: | Książka |
| Język: | Undetermined |
| Wydane: |
Hà Nội
Lao động - Xã hội
2002
|
| Hasła przedmiotowe: | |
| Etykiety: |
Dodaj etykietę
Nie ma etykietki, Dołącz pierwszą etykiete!
|
| Thư viện lưu trữ: | Trung tâm Học liệu Trường Đại học Cần Thơ |
|---|
| LEADER | 01011nam a2200205Ia 4500 | ||
|---|---|---|---|
| 001 | CTU_54455 | ||
| 008 | 210402s9999 xx 000 0 und d | ||
| 020 | |b 82000 | ||
| 082 | |a 005.133 | ||
| 082 | |b Kh106/T.3 | ||
| 100 | |a Phạm, Hữu Khang | ||
| 245 | 0 | |a Kỹ thuật lập trình ứng dụng C++.net toàn tập | |
| 245 | 0 | |c Phạm Hữu Khang ( chủ biên ), Phương Lan, Hoàng Đức Hải | |
| 260 | |a Hà Nội | ||
| 260 | |b Lao động - Xã hội | ||
| 260 | |c 2002 | ||
| 520 | |a Nội dung giáo trình giới thiệu cho bạn đọc những kiến thức cơ bản về lập trình Windows Forms của ngôn ngữ C. Giúp nắm bắt phương pháp lập trình và sử dụng các công cụ của ngôn ngữ lập trình hướng đối tượng. | ||
| 650 | |a C ++ ( computer program language ) | ||
| 904 | |i Qhieu đã sửa trong CSDL | ||
| 980 | |a Trung tâm Học liệu Trường Đại học Cần Thơ | ||